[Event "CFriend AT-2005-0-00204 email"]
[Site "Chessfriend.com"]
[Date "2005.06.17"]
[Round "1"]
[White "Stepanov, Konstantin"]
[Black "Mezera, Lukas"]
[Result "1/2-1/2"]
[WhiteElo "2314"]
[BlackElo "2301"]
[PlyCount "21"]
[EventDate "2005.??.??"]
[EventType "tourn (corr)"]
[EventRounds "2"]
[SourceTitle "Corr 2024"]
[Source "ChessBase"]
[SourceDate "2023.10.19"]
[SourceVersion "1"]
[SourceVersionDate "2023.10.19"]
[SourceQuality "1"]

1. Nc3 e5 2. Nf3 Nc6 3. d4 exd4 4. Nxd4 Nf6 5. g3 d5 6. Bg2 Bb4 7. 0-0 Bxc3 8. bxc3 0-0 9. c4 Nxd4 10. Qxd4 dxc4 11. Qxc4 1/2-1/2

[Event "CFriend AK-2005-A-00008 email"]
[Site "Chessfriend.com"]
[Date "2005.04.30"]
[Round "1"]
[White "Stepanov, Konstantin"]
[Black "Karelin, Evgeny"]
[Result "1-0"]
[WhiteElo "2314"]
[BlackElo "1985"]
[PlyCount "25"]
[EventDate "2005.??.??"]
[EventType "tourn (corr)"]
[EventRounds "6"]
[SourceTitle "Corr 2024"]
[Source "ChessBase"]
[SourceDate "2023.10.19"]
[SourceVersion "1"]
[SourceVersionDate "2023.10.19"]
[SourceQuality "1"]

1. d4 Nf6 2. c4 e6 3. Nc3 Bb4 4. e3 d5 5. Nf3 Bxc3+ 6. bxc3 Nc6 7. Ba3 h5 8. Bd3 h4 9. h3 dxc4 10. Bxc4 Ne4 11. Qc2 Ng5 12. Ne5 Bd7 13. Rd1 1-0

[Event "CFriend AT-2005-0-00083 email"]
[Site "Chessfriend.com"]
[Date "2005.01.18"]
[Round "1"]
[White "Kresz, Laszlo"]
[Black "Stepanov, Konstantin"]
[Result "1/2-1/2"]
[WhiteElo "2207"]
[BlackElo "2314"]
[PlyCount "44"]
[EventDate "2005.??.??"]
[EventType "tourn (corr)"]
[EventRounds "2"]
[SourceTitle "Corr 2024"]
[Source "ChessBase"]
[SourceDate "2023.10.19"]
[SourceVersion "1"]
[SourceVersionDate "2023.10.19"]
[SourceQuality "1"]

1. e4 c5 2. Nf3 Nc6 3. d4 cxd4 4. Nxd4 Nf6 5. Nc3 e5 6. Ndb5 d6 7. Bg5 a6 8. Na3 b5 9. Bxf6 gxf6 10. Nd5 f5 11. c3 Bg7 12. exf5 Bxf5 13. Nc2 0-0 14. Nce3 Be6 15. Bd3 f5 16. 0-0 Ra7 17. a4 Ne7 18. Nxe7+ Rxe7 19. axb5 axb5 20. Bxb5 d5 21. Ra6 Kh8 22. Qa4 f4 1/2-1/2